000 00489nam a2200181Ia 4500
005 20250508162723.0
008 008 250505s9999 xx 000 0 hin d
020 _a978-93-325-4130-6
037 _aReference
040 _aFEDL
_beng
_cFEDL
041 _ahin
_2eng
084 _a370, TOL
_qFEDL
245 0 _aLev tolstoy shikshashastriya rachnaye
260 _aMoscow
_bPragati Prakashan
_c1987
300 _a363p.
942 _cREF
_h370, TOL
999 _c1378297
_d1378297